000 00589nas a2200217 4500
001 BR8903194
003 BR-BrBNA
005 20231205091622.0
007 ta
008 230509b bl.|||p| |||| 00| 00por d
040 _aBR-BrBNA
_bpor
_cBiblioteca Nacional de Agricultura
041 _a(Pt)
072 _aJ15
100 1 _aAnon.
245 1 _aRami: a fibra "made in Parana"
650 _aRAMI
650 _aFIBRA VEGETAL
773 0 _tGranja (Brazil)
_xISSN 0367-505X
_g(May 1989), v. 45(493) p. 59-60
_wBR8903194
909 _a202311
_bLúcia
_c55
_dLúcia Elande
942 _2AGRIS
_n0
_cANA
999 _c126219
_d126219